000
00305nam a2200109 4500
999
_c
508300
_d
508300
082
_a
A42x54 B/1961
100
_a
India. Lok Sabha Secretariat
_9
3548
245
_a
The Khadi and Village Industries Commission (Amendment) Bill, 1961
260
_a
New Delhi
_b
Lok Sabha
_c
1961
300
_a
v.p.
942
_2
ddc